| 000 | 00925cam a2200289 a 4500 | ||
|---|---|---|---|
| 001 | 16812017 | ||
| 003 | Nust- CAS-E | ||
| 005 | 20180118181403.0 | ||
| 008 | 110606s2011 laua b 001 0 eng | ||
| 010 | _a 2011017384 | ||
| 020 | _a9781420092509 | ||
| 040 |
_aDLC _cDLC _dDLC |
||
| 042 | _apcc | ||
| 050 | 0 | 0 |
_aTJ254.5 _b.R34 2011 |
| 082 | 0 | 0 |
_a621.402/3 _223 _bRAG 2011 |
| 100 | 1 | _aRagland, Kenneth W. | |
| 245 | 1 | 0 |
_aCombustion engineering / _cKenneth W. Ragland, Kenneth M. Bryden. |
| 250 | _a2nd ed. | ||
| 260 |
_aBoca Raton : _bCRC Press, _c2011. |
||
| 300 |
_axxv, 521 p. : _bill. ; _c25 cm. |
||
| 504 | _aIncludes bibliographical references and index. | ||
| 650 | 0 | _aCombustion engineering. | |
| 700 | 1 | _aBryden, Kenneth M. | |
| 906 |
_a7 _bcbc _corignew _d1 _eecip _f20 _gy-gencatlg |
||
| 942 |
_2ddc _cBK |
||
| 999 |
_c355495 _d355495 |
||